Visión de América fragmentos de una crónica de viajes
Guardado en:
| Autores principales: | , |
|---|---|
| Format: | Ukendt |
| Udgivet: |
México
Losada Océano
c1999
|
| Udgivelse: | 1 edición |
| Fag: | |
| Tags: |
Tilføj Tag
Ingen Tags, Vær først til at tagge denne postø!
|
MARC
| LEADER | 000000000a22000000004500 | ||
|---|---|---|---|
| 001 | 002130 | ||
| 020 | |a 9706512527 | ||
| 041 | 0 | |a Español | |
| 092 | 0 | |a 980.21 C297v 1999 | |
| 100 | 1 | |a Carpentier, Alejo |d 1904-1980 | |
| 100 | 1 | |a Cánovas, Alejandro, selección | |
| 245 | 1 | 0 | |a Visión de América |b fragmentos de una crónica de viajes |
| 250 | |a 1 edición | ||
| 260 | |a México |b Losada Océano |c c1999 | ||
| 300 | |a 180 páginas | ||
| 500 | |a Número de inscripción "13405" y 6041 | ||
| 650 | 4 | |a AMERICA LATINA | |
| 650 | 4 | |a CIVILIZACION | |
| 999 | |c 2999 |d 2999 | ||



